000 00534nam a2200157Ia 4500
005 20250508163504.0
008 008 250505s9999 xx 000 0 eng d
037 _aTextual
040 _aFEDL
_beng
_cFEDL
041 _aeng
_2eng
084 _a372, LAD
_qFEDL
245 0 _aParadigms for evaluating primary education : A study of class V children in Government schools
260 _aNew Delhi, India
_bDepartment of Child Development Lady Irwin College
_c1993
942 _cTEXL
_h372, LAD
999 _c1383642
_d1383642